| 000 | 00379nam a2200169Ia 4500 | ||
|---|---|---|---|
| 003 | 0STCL | ||
| 008 | 150530s9999 xx 000 0 und d | ||
| 040 |
_aSTCL _cSTCL |
||
| 100 | _aSir William Butler, F | ||
| 245 | _aSir Charles Napier | ||
| 250 | _aFirst | ||
| 260 |
_bMacmillan _c1911 |
||
| 546 | _aEnglish | ||
| 942 |
_2ddc _cBK |
||
| 999 |
_c69205 _d69205 |
||
| 005 | 20220125171413.0 | ||